[Event "British Chess Championship 2010"]
[Site "Canterbury ENG"]
[Date "2010.08.03"]
[Round "8.30"]
[White "Goodger, Martyn"]
[Black "Helbig, Paul D"]
[Result "1/2-1/2"]
[WhiteElo "2123"]
[BlackElo "2160"]
[PlyCount "63"]
[EventDate "2010.07.27"]
[EventType "swiss"]
[EventRounds "11"]
[EventCountry "ENG"]
[Source "lmi"]
[SourceDate "2010.07.25"]

1. e4 e5 2. Nf3 Nc6 3. Bc4 Nf6 4. d3 d6 5. Ng5 d5 6. exd5 Na5 7. Qe2 Bd6 8. Nc3
O-O 9. O-O a6 10. a3 c6 11. dxc6 b5 12. Ba2 Nxc6 13. Nce4 Nd4 14. Qd1 Bb7 15.
c3 Nf5 16. Nxf6+ Qxf6 17. Qh5 Qg6 18. Qxg6 hxg6 19. Ne4 Bc7 20. Bg5 Bd8 21.
Bxd8 Rfxd8 22. Nc5 Bd5 23. Bxd5 Rxd5 24. b4 a5 25. Rfd1 Nd6 26. Kf1 g5 27. Ke2
g4 28. f3 gxf3+ 29. Kxf3 f5 30. h4 Kf7 31. g3 g6 32. Re1 1/2-1/2

[Event "British Chess Championship 2010"]
[Site "Canterbury ENG"]
[Date "2010.08.03"]
[Round "8.31"]
[White "Messam-Sparks, Lateefah"]
[Black "Vrubl, Jaroslav"]
[Result "0-1"]
[WhiteElo "1904"]
[BlackElo "2210"]
[PlyCount "72"]
[EventDate "2010.07.27"]
[EventType "swiss"]
[EventRounds "11"]
[EventCountry "ENG"]
[Source "lmi"]
[SourceDate "2010.07.25"]

1. d4 Nf6 2. e3 g6 3. Bd3 Bg7 4. f4 c5 5. c3 O-O 6. Nf3 b6 7. Qe2 Nc6 8. Nbd2
Qc7 9. Nf1 d6 10. h3 e5 11. e4 exd4 12. cxd4 Nb4 13. Ng3 Nd7 14. O-O cxd4 15.
Bd2 Nxd3 16. Qxd3 Nc5 17. Qa3 Bb7 18. Rfe1 Rfe8 19. Rac1 Qd7 20. e5 dxe5 21.
fxe5 Qd5 22. Re2 Bxe5 23. Rce1 f6 24. b4 Nd7 25. Ne4 Kg7 26. Qc1 Rac8 27. Bh6+
Kf7 28. Qd2 d3 29. Re3 Ba6 30. a4 Rc2 31. Qd1 Qa2 32. Nxe5+ Rxe5 33. Qf3 d2 34.
Rd1 Rc1 35. Nxf6 Rxd1+ 36. Kh2 Rxe3 0-1

[Event "British Chess Championship 2010"]
[Site "Canterbury ENG"]
[Date "2010.08.03"]
[Round "8.32"]
[White "Almond, Richard J"]
[Black "Grant, David J"]
[Result "0-1"]
[WhiteElo "2148"]
[BlackElo "2082"]
[PlyCount "114"]
[EventDate "2010.07.27"]
[EventType "swiss"]
[EventRounds "11"]
[EventCountry "ENG"]
[Source "lmi"]
[SourceDate "2010.07.25"]

1. d4 Nf6 2. c4 e6 3. Nc3 Bb4 4. Qc2 d5 5. a3 Bxc3+ 6. Qxc3 Ne4 7. Qc2 c5 8.
dxc5 Nc6 9. Nf3 Qa5+ 10. Bd2 Qxc5 11. e3 Nxd2 12. Nxd2 d4 13. b4 Qh5 14. exd4
Nxd4 15. Qe4 Nc2+ 16. Qxc2 Qe5+ 17. Be2 Qxa1+ 18. Nb1 O-O 19. O-O Qf6 20. Bf3
Rb8 21. c5 Bd7 22. Nc3 Qg6 23. Qd2 Bc6 24. Qe3 Rfd8 25. Ne4 Rd5 26. Qf4 e5 27.
Qe3 Rbd8 28. Be2 f5 29. b5 Rd4 30. bxc6 Rxe4 31. c7 Rc8 32. Qb3+ Qf7 33. Qxb7
Qxc7 34. Qd5+ Kh8 35. Bf3 Rd4 36. Qe6 e4 37. Be2 Qxc5 38. h3 Rcd8 39. Qb3 Rd2
40. Bc4 f4 41. a4 Qb6 42. Qxb6 axb6 43. Re1 Rd1 44. Kf1 Rxe1+ 45. Kxe1 Rd4 46.
Bb5 g5 47. Ke2 Kg7 48. g3 Kf6 49. h4 h6 50. hxg5+ hxg5 51. g4 Ke5 52. f3 e3 53.
Be8 Kd6 54. Bb5 Rd2+ 55. Ke1 Rf2 56. Be2 Kc5 57. Bd1 Kb4 0-1

[Event "British Chess Championship 2010"]
[Site "Canterbury ENG"]
[Date "2010.08.03"]
[Round "8.33"]
[White "Mayhew, Andrew"]
[Black "Senior, Gary"]
[Result "1/2-1/2"]
[WhiteElo "2085"]
[BlackElo "2069"]
[PlyCount "44"]
[EventDate "2010.07.27"]
[EventType "swiss"]
[EventRounds "11"]
[EventCountry "ENG"]
[Source "lmi"]
[SourceDate "2010.07.25"]

1. Nf3 f5 2. e4 fxe4 3. Ng5 Nc6 4. d3 e3 5. Bxe3 e5 6. Be2 Nf6 7. O-O Be7 8. c3
d5 9. d4 O-O 10. Nd2 Bf5 11. Nb3 Qe8 12. dxe5 Nxe5 13. Nd4 Qd7 14. h3 h6 15.
Nxf5 Qxf5 16. Nf3 Nxf3+ 17. Bxf3 c6 18. Qb3 b5 19. Rfe1 Bd6 20. a4 a6 21. axb5
axb5 22. Qd1 Rfe8 1/2-1/2

[Event "British Chess Championship 2010"]
[Site "Canterbury ENG"]
[Date "2010.08.03"]
[Round "8.34"]
[White "Freeman, Richard C P"]
[Black "Mackle, Dominic"]
[Result "0-1"]
[WhiteElo "2056"]
[BlackElo "2021"]
[PlyCount "36"]
[EventDate "2010.07.27"]
[EventType "swiss"]
[EventRounds "11"]
[EventCountry "ENG"]
[Source "lmi"]
[SourceDate "2010.07.25"]

1. c4 e5 2. g3 Nf6 3. Bg2 c6 4. d4 e4 5. Nc3 Bb4 6. Bd2 Bxc3 7. Bxc3 O-O 8. e3
d5 9. cxd5 cxd5 10. h3 Nc6 11. Ne2 b5 12. a3 a5 13. O-O Ba6 14. f4 exf3 15.
Rxf3 b4 16. Be1 Re8 17. g4 Bxe2 18. Qxe2 Nxd4 0-1

[Event "British Chess Championship 2010"]
[Site "Canterbury ENG"]
[Date "2010.08.03"]
[Round "8.35"]
[White "Tambini, Jasper"]
[Black "Combie, Alex B"]
[Result "0-1"]
[WhiteElo "1890"]
[BlackElo "2018"]
[PlyCount "98"]
[EventDate "2010.07.27"]
[EventType "swiss"]
[EventRounds "11"]
[EventCountry "ENG"]
[Source "lmi"]
[SourceDate "2010.07.25"]

1. d4 Nf6 2. Nf3 g6 3. Bf4 Bg7 4. Nbd2 O-O 5. e4 d6 6. Bd3 c5 7. c3 cxd4 8.
cxd4 e5 9. Bg5 exd4 10. Nxd4 Qb6 11. Nb5 Ng4 12. O-O a6 13. Na3 Qxb2 14. Nc2
Qe5 15. Nf3 Qa5 16. Rc1 Qxa2 17. Nb4 Qa5 18. Nd5 Nc6 19. Nd2 f6 20. Nc4 Qd8 21.
Ncb6 Rb8 22. Bf4 Kh8 23. Bxa6 bxa6 24. Rxc6 Ne5 25. Bxe5 dxe5 26. Nxc8 Rxc8 27.
Rxa6 f5 28. f3 Rc4 29. Qb3 Qc8 30. Ra4 Qc5+ 31. Kh1 Rc1 32. Rd1 Qb5 33. Rxc1
Qxb3 34. Ra7 fxe4 35. fxe4 Qd3 36. h3 Qxe4 37. Rcc7 Qxd5 38. Rxg7 Qd1+ 39. Kh2
Qh5 40. Rge7 Qh4 41. Rac7 e4 42. Red7 e3 43. Re7 e2 44. Rb7 e1=Q 45. Rxh7+ Qxh7
46. Rxh7+ Kxh7 47. h4 Qxh4+ 48. Kg1 Qg3 49. Kh1 Rf1# 0-1

[Event "British Chess Championship 2010"]
[Site "Canterbury ENG"]
[Date "2010.08.03"]
[Round "8.36"]
[White "Pleasants, Allan J"]
[Black "Fegan, Chris"]
[Result "1-0"]
[WhiteElo "2032"]
[BlackElo "2051"]
[PlyCount "113"]
[EventDate "2010.07.27"]
[EventType "swiss"]
[EventRounds "11"]
[EventCountry "ENG"]
[Source "lmi"]
[SourceDate "2010.07.25"]

1. Nf3 f5 2. d4 Nf6 3. h3 e6 4. g4 fxg4 5. hxg4 Nxg4 6. Qd3 Nf6 7. Bg5 Qe7 8.
Nc3 b6 9. e4 Ba6 10. Qd2 Bxf1 11. Kxf1 Qb4 12. Qd3 Nc6 13. d5 Na5 14. Nb5 O-O-O
15. e5 Nxd5 16. Rh4 Qxb2 17. Rd1 Be7 18. Bxe7 Nxe7 19. Rd4 Nd5 20. c4 Nb4 21.
Qe4 c6 22. Nd6+ Kc7 23. Nf7 Rhf8 24. Nxd8 Rxd8 25. Qh4 c5 26. Rf4 h6 27. Rf7 g5
28. Qe4 Qc2 29. Qxc2 Nxc2 30. Rc1 Na3 31. Nd2 b5 32. cxb5 Kb6 33. Ne4 c4 34.
Rd1 Nxb5 35. Rdxd7 Rxd7 36. Rxd7 c3 37. Ke1 Nc4 38. Kd1 Nxe5 39. Re7 Ka5 40.
Rxe6 c2+ 41. Kd2 Nf3+ 42. Kc1 Nbd4 43. Rxh6 Ne5 44. Kd2 Nd3 45. Rh1 Nb4 46. Nc3
g4 47. Ke3 Nb5 48. Nxb5 Kxb5 49. Kd2 Ka4 50. Rh4 Ka3 51. Rxg4 a5 52. Rc4 Kxa2
53. f4 Kb3 54. Rc3+ Kb2 55. f5 a4 56. f6 a3 57. f7 1-0

[Event "British Chess Championship 2010"]
[Site "Canterbury ENG"]
[Date "2010.08.03"]
[Round "8.37"]
[White "Jameson, David"]
[Black "Bucher, Grant W"]
[Result "1-0"]
[WhiteElo "2047"]
[BlackElo "2012"]
[PlyCount "63"]
[EventDate "2010.07.27"]
[EventType "swiss"]
[EventRounds "11"]
[EventCountry "ENG"]
[Source "lmi"]
[SourceDate "2010.07.25"]

1. c4 Nf6 2. Nf3 g6 3. d4 Bg7 4. Nc3 d5 5. Bf4 c5 6. dxc5 Qa5 7. cxd5 Nxd5 8.
Qxd5 Bxc3+ 9. Bd2 Bxd2+ 10. Qxd2 Qxd2+ 11. Nxd2 Be6 12. e3 O-O 13. b3 Rc8 14.
Rc1 Nd7 15. Bc4 Bxc4 16. Rxc4 Rxc5 17. Ke2 Rxc4 18. Nxc4 Rc8 19. Rd1 Rc7 20.
Rd2 Kg7 21. e4 b5 22. Na3 a6 23. Nc2 Nf6 24. f3 a5 25. Nd4 b4 26. Rc2 Rxc2+ 27.
Nxc2 Ne8 28. Kd3 Nc7 29. Kc4 f5 30. Kc5 Kf6 31. Kb6 Ne6 32. Kxa5 1-0

[Event "British Chess Championship 2010"]
[Site "Canterbury ENG"]
[Date "2010.08.03"]
[Round "8.38"]
[White "Doran, Chris"]
[Black "Dines, Sheila J"]
[Result "1/2-1/2"]
[WhiteElo "1997"]
[BlackElo "1931"]
[PlyCount "66"]
[EventDate "2010.07.27"]
[EventType "swiss"]
[EventRounds "11"]
[EventCountry "ENG"]
[Source "lmi"]
[SourceDate "2010.07.25"]

1. e4 e5 2. Nf3 Nc6 3. Bb5 a6 4. Ba4 Nf6 5. O-O b5 6. Bb3 Be7 7. Re1 d6 8. c3
O-O 9. h3 Nb8 10. d4 Nbd7 11. Nbd2 Bb7 12. Bc2 Re8 13. Nf1 Bf8 14. Ng3 g6 15.
Bg5 h6 16. Bd2 Bg7 17. d5 Rf8 18. a4 c5 19. dxc6 Bxc6 20. axb5 axb5 21. Be3 d5
22. exd5 Nxd5 23. Ne4 Nxe3 24. Rxe3 Nf6 25. Qxd8 Raxd8 26. Nxf6+ Bxf6 27. Ra6
Rd6 28. Nxe5 Rc8 29. Nxc6 Rdxc6 30. Rxc6 Rxc6 31. Rd3 b4 32. Bb3 bxc3 33. bxc3
Rxc3 1/2-1/2

[Event "British Chess Championship 2010"]
[Site "Canterbury ENG"]
[Date "2010.08.03"]
[Round "8.39"]
[White "Van Kemenade, Rudy"]
[Black "Krzyzanowski, Patryk"]
[Result "0-1"]
[WhiteElo "1995"]
[BlackElo "2030"]
[PlyCount "90"]
[EventDate "2010.07.27"]
[EventType "swiss"]
[EventRounds "11"]
[EventCountry "ENG"]
[Source "lmi"]
[SourceDate "2010.07.25"]

1. f4 d5 2. Nf3 g6 3. g3 Bg7 4. Bg2 Nh6 5. O-O O-O 6. d3 d4 7. c4 Nc6 8. Na3
Bg4 9. Ng5 Nf5 10. h3 Bxe2 11. Qxe2 Nxg3 12. Qf2 Nxf1 13. Kxf1 h6 14. Ne4 Rb8
15. Kg1 Nb4 16. Qg3 e6 17. Bd2 Qe7 18. Bxb4 Qxb4 19. Rb1 f5 20. Nf2 Kh7 21. Qf3
c6 22. Qe2 Rbe8 23. Nc2 Qd6 24. Qf3 e5 25. fxe5 Rxe5 26. b4 Re7 27. c5 Qe6 28.
Re1 Qf7 29. Rxe7 Qxe7 30. Na3 Qe1+ 31. Bf1 Qxb4 32. Nc4 Qxc5 33. Qf4 b5 34. Na5
Be5 35. Qf3 Rf6 36. Bg2 Qc1+ 37. Nd1 Qd2 38. Nxc6 Rxc6 39. Qxc6 Qxd1+ 40. Kf2
Qd2+ 41. Kf1 Qxd3+ 42. Kf2 Bg3+ 43. Kg1 Qe3+ 44. Kh1 Qe1+ 45. Bf1 Qxf1# 0-1

[Event "British Chess Championship 2010"]
[Site "Canterbury ENG"]
[Date "2010.08.04"]
[Round "9.1"]
[White "Hunt, Adam C"]
[Black "Adams, Michael"]
[Result "1/2-1/2"]
[WhiteElo "2408"]
[BlackElo "2706"]
[PlyCount "64"]
[EventDate "2010.07.27"]
[EventType "swiss"]
[EventRounds "11"]
[EventCountry "ENG"]
[Source "lmi"]
[SourceDate "2010.07.25"]

1. e4 e5 2. Nf3 Nc6 3. Bb5 Bc5 4. c3 Nf6 5. O-O O-O 6. d4 Bb6 7. Bg5 h6 8. Bh4
d6 9. Qd3 g5 10. Bg3 Nh5 11. Bxc6 bxc6 12. Nbd2 a5 13. dxe5 dxe5 14. Qe2 Ba6
15. c4 f6 16. Rfd1 Qe7 17. Ne1 Ng7 18. Nc2 Ne6 19. Nf1 Qh7 20. b3 Rad8 21. Kh1
h5 22. h4 g4 23. f3 gxf3 24. gxf3 Kh8 25. Nfe3 Nd4 26. Nxd4 Bxd4 27. Rac1 Rg8
28. Bf2 c5 29. Rg1 Bc8 30. Rxg8+ Rxg8 31. Rg1 Be6 32. Rxg8+ Kxg8 1/2-1/2

[Event "British Chess Championship 2010"]
[Site "Canterbury ENG"]
[Date "2010.08.04"]
[Round "9.2"]
[White "Pert, Nicholas"]
[Black "Pert, Richard G"]
[Result "1/2-1/2"]
[WhiteElo "2551"]
[BlackElo "2460"]
[PlyCount "45"]
[EventDate "2010.07.27"]
[EventType "swiss"]
[EventRounds "11"]
[EventCountry "ENG"]
[Source "lmi"]
[SourceDate "2010.07.25"]

1. d4 Nf6 2. Nf3 d5 3. c4 e6 4. g3 dxc4 5. Bg2 Bb4+ 6. Bd2 c5 7. Bxb4 cxb4 8.
Ne5 O-O 9. Nxc4 Nc6 10. e3 e5 11. dxe5 Qxd1+ 12. Kxd1 Ng4 13. Ke2 Ngxe5 14.
Nbd2 Bg4+ 15. f3 Bf5 16. e4 Nd4+ 17. Kf2 Nxc4 18. Nxc4 Be6 19. Ne3 Rac8 20.
Rad1 Rfd8 21. b3 a5 22. f4 f6 23. Rhe1 1/2-1/2

[Event "British Chess Championship 2010"]
[Site "Canterbury ENG"]
[Date "2010.08.04"]
[Round "9.4"]
[White "Conquest, Stuart C"]
[Black "Williams, Simon K"]
[Result "0-1"]
[WhiteElo "2523"]
[BlackElo "2511"]
[PlyCount "70"]
[EventDate "2010.07.27"]
[EventType "swiss"]
[EventRounds "11"]
[EventCountry "ENG"]
[Source "lmi"]
[SourceDate "2010.07.25"]

1. e4 e6 2. d4 d5 3. e5 c5 4. c3 Nc6 5. Nf3 Bd7 6. Be2 Nge7 7. O-O Nf5 8. dxc5
Nh4 9. Nxh4 Qxh4 10. Be3 Nxe5 11. Nd2 Qd8 12. b4 Be7 13. f4 Nc6 14. Nf3 O-O 15.
Rc1 Re8 16. Qd2 Bf6 17. Bd4 a6 18. a3 g6 19. Rf2 Nxd4 20. cxd4 Bg7 21. Bd3 Ba4
22. Kh1 b6 23. Qe2 bxc5 24. dxc5 Qc7 25. Qd2 f6 26. Bc2 Bxc2 27. Rxc2 Rad8 28.
a4 e5 29. Re2 Qc6 30. Ra2 d4 31. Qd3 e4 32. Qc4+ Qd5 33. Qxd5+ Rxd5 34. c6 f5
35. Nd2 Rc8 0-1

[Event "British Chess Championship 2010"]
[Site "Canterbury ENG"]
[Date "2010.08.04"]
[Round "9.6"]
[White "Arkell, Keith C"]
[Black "Tymrakiewicz, Rafal"]
[Result "0-1"]
[WhiteElo "2465"]
[BlackElo "2301"]
[PlyCount "190"]
[EventDate "2010.07.27"]
[EventType "swiss"]
[EventRounds "11"]
[EventCountry "ENG"]
[Source "lmi"]
[SourceDate "2010.07.25"]

1. d4 Nf6 2. Nf3 g6 3. c4 Bg7 4. g3 d5 5. cxd5 Nxd5 6. Bg2 Nb6 7. O-O Nc6 8. e3
O-O 9. Nc3 Re8 10. b3 e5 11. Nxe5 Nxe5 12. dxe5 Qxd1 13. Rxd1 Bxe5 14. Bb2 c6
15. Rd2 Bg4 16. h3 Be6 17. Rad1 f5 18. f4 Bf6 19. Kf2 Rad8 20. Rxd8 Rxd8 21.
Rxd8+ Bxd8 22. e4 Nd7 23. exf5 Bxf5 24. Ne4 Be7 25. g4 Be6 26. Ng5 Bxg5 27.
fxg5 Bd5 28. Bf1 Kf7 29. Ke3 b6 30. Bd3 Be6 31. Bc2 Ke7 32. Ba3+ Kf7 33. Bd6
Bd5 34. h4 Ke6 35. Bc7 Ke7 36. h5 Kf7 37. Kf4 Be6 38. a3 Bd5 39. b4 Bc4 40. a4
Bd5 41. Bd1 Ke7 42. Ke3 Be6 43. Bf3 c5 44. b5 Bb3 45. a5 bxa5 46. Be4 a4 47.
Kd2 a3 48. Ba5 Bf7 49. Bc3 Kd6 50. Ke3 Nb6 51. Kf3 Nd5 52. Bxd5 Kxd5 53. hxg6
Bxg6 54. Ke3 Kc4 55. Kd2 Kxb5 56. Bf6 Kc4 57. Bg7 Kb3 58. Bf6 Bf7 59. Bg7 Be6
60. Bf6 Bxg4 61. Bg7 Bf5 62. Bf6 Kc4 63. Bg7 Bg6 64. Bh8 a2 65. Bg7 Bb1 66. Bh8
Kd5 67. Ke3 Ke6 68. Kf4 Kf7 69. Ba1 Kg6 70. Kg4 Bd3 71. Bc3 Be2+ 72. Kf4 Bd1
73. Ba1 Kh5 74. Bf6 Bc2 75. Bh8 Kh4 76. Bc3 Kh3 77. Kf3 Bd1+ 78. Kf4 Kg2 79.
Ke4 Kf2 80. Kd3 Kf3 81. Bf6 Kf4 82. Kc4 Ke4 83. Bh8 Be2+ 84. Kb3 Kf5 85. Bc3
Kxg5 86. Kxa2 h5 87. Bd2+ Kg4 88. Be3 c4 89. Bxa7 h4 90. Kb2 h3 91. Bb8 Kf3 92.
Kc3 Kg2 93. Kd2 Bd3 94. Ke3 h2 95. Bxh2 Kxh2 0-1

[Event "British Chess Championship 2010"]
[Site "Canterbury ENG"]
[Date "2010.08.04"]
[Round "9.8"]
[White "Jaunooby, Ali R"]
[Black "Houska, Jovanka"]
[Result "0-1"]
[WhiteElo "2155"]
[BlackElo "2433"]
[PlyCount "118"]
[EventDate "2010.07.27"]
[EventType "swiss"]
[EventRounds "11"]
[EventCountry "ENG"]
[Source "lmi"]
[SourceDate "2010.07.25"]

1. d4 d5 2. Nf3 Nf6 3. Bf4 c5 4. dxc5 e6 5. Nbd2 Bxc5 6. e3 Nc6 7. a3 O-O 8. c4
Be7 9. h3 b6 10. Rc1 Bb7 11. Be2 d4 12. Nf1 e5 13. Nxe5 Nxe5 14. Bxe5 Bxg2 15.
Rg1 Bxf1 16. Kxf1 dxe3 17. fxe3 Qc8 18. Qd4 Qxh3+ 19. Ke1 Rfd8 20. Qf4 Ne8 21.
Bg4 Qh4+ 22. Ke2 Bd6 23. Bf3 Qxf4 24. Bxf4 Rab8 25. Bg5 f6 26. Bd5+ Kf8 27.
Rcf1 Be5 28. Bf4 Bxf4 29. Rxf4 Nc7 30. Be4 h6 31. b4 Rd6 32. Rf5 Re8 33. Bb7
Rb8 34. c5 Re6 35. Bh1 Rbe8 36. Rg3 Re5 37. Rxe5 Rxe5 38. c6 h5 39. Rg1 g5 40.
Rd1 Kf7 41. Rd8 Re8 42. Rd7+ Re7 43. Rd8 f5 44. Kf2 h4 45. Rh8 Kg7 46. Rd8 b5
47. Bd5 a6 48. e4 fxe4 49. Bxe4 Rxe4 50. Rd7+ Kf6 51. Rxc7 Rc4 52. Rc8 Kf5 53.
c7 Kg4 54. a4 bxa4 55. Ra8 Rxc7 56. Rxa6 Rc2+ 57. Ke3 h3 58. Rxa4 h2 59. b5+
Kg3 0-1

[Event "British Chess Championship 2010"]
[Site "Canterbury ENG"]
[Date "2010.08.04"]
[Round "9.9"]
[White "Summerscale, Aaron P"]
[Black "Griffiths, Ryan Rhys"]
[Result "0-1"]
[WhiteElo "2428"]
[BlackElo "2249"]
[PlyCount "90"]
[EventDate "2010.07.27"]
[EventType "swiss"]
[EventRounds "11"]
[EventCountry "ENG"]
[Source "lmi"]
[SourceDate "2010.07.25"]

1. d4 Nf6 2. c4 e6 3. Nc3 Bb4 4. f3 Nc6 5. e4 d5 6. cxd5 exd5 7. e5 Ng8 8. Be3
Nh6 9. Qd2 Nf5 10. Bf2 Ba5 11. f4 f6 12. Nf3 fxe5 13. fxe5 O-O 14. Be2 Bb6 15.
O-O Be6 16. Na4 h6 17. Rac1 Qd7 18. Nc5 Bxc5 19. Rxc5 b6 20. Rc3 Na5 21. Qc1 c6
22. Nd2 b5 23. b3 Ne7 24. Nf3 Bf5 25. Bh4 Ng6 26. Be1 Be4 27. Bd2 Ne7 28. Bxb5
cxb5 29. Rc7 Qg4 30. h3 Qg3 31. Be1 Qg6 32. Nh4 Rxf1+ 33. Kxf1 Qf7+ 34. Kg1
Nac6 35. Rxc6 Nxc6 36. Qxc6 Rf8 37. Kh2 g5 38. Nf3 Bxf3 39. gxf3 Kg7 40. e6
Qxf3 41. Qc7+ Kg6 42. Qc2+ Qf5 43. Qc6 Qf4+ 44. Bg3 Qd2+ 45. Kg1 Qd1+ 0-1

[Event "British Chess Championship 2010"]
[Site "Canterbury ENG"]
[Date "2010.08.04"]
[Round "9.10"]
[White "Spence, David J"]
[Black "Hawkins, Jonathan"]
[Result "0-1"]
[WhiteElo "2244"]
[BlackElo "2423"]
[PlyCount "156"]
[EventDate "2010.07.27"]
[EventType "swiss"]
[EventRounds "11"]
[EventCountry "ENG"]
[Source "lmi"]
[SourceDate "2010.07.25"]

1. e4 e5 2. Nf3 Nc6 3. Bb5 a6 4. Ba4 Nf6 5. Qe2 b5 6. Bb3 Be7 7. c3 O-O 8. O-O
d6 9. Rd1 Na5 10. Bc2 c5 11. d4 Qc7 12. d5 Bd7 13. b3 Ne8 14. Nbd2 g6 15. Nf1
Nb7 16. Ng3 Nd8 17. h3 Ng7 18. Bh6 f6 19. Nh2 Nf7 20. Bd2 Kh8 21. f4 exf4 22.
Bxf4 Ne5 23. Bh6 c4 24. b4 a5 25. a3 Ra6 26. Nf3 Rfa8 27. Nxe5 dxe5 28. Rac1
axb4 29. axb4 f5 30. Bxg7+ Kxg7 31. exf5 Bg5 32. fxg6 Bxc1 33. Nh5+ Kh6 34.
Rxc1 hxg6 35. Qe3+ g5 36. Qe4 Be8 37. Ng3 Bg6 38. Nf5+ Kh7 39. d6 Qa7+ 40. Kh2
Rxd6 41. Ra1 Ra6 42. Rxa6 Qxa6 43. Qxe5 Qa7 44. Bd1 Rd8 45. Bf3 Qb8 46. Qxb8
Rxb8 47. Nd4 Be8 48. Kg3 Kg6 49. Kf2 Bd7 50. Ke3 Re8+ 51. Kd2 Kf6 52. Bh5 Ra8
53. Bf3 Ra2+ 54. Ke3 Ra3 55. Kd2 Ke5 56. Bb7 Kd6 57. Bf3 Kc7 58. Be4 Kb6 59.
Bf3 Ra7 60. Ke3 Be8 61. Kd2 Re7 62. Nf5 Re5 63. Nd4 Bd7 64. Ba8 Bc8 65. Nf3 Re8
66. Nxg5 Bxh3 67. Nxh3 Rxa8 68. Nf4 Re8 69. Ne2 Re5 70. Nf4 Kc6 71. Ne2 Kd5 72.
Nd4 Ke4 73. Ke2 Rg5 74. g3 Rxg3 75. Nxb5 Rg2+ 76. Kf1 Rh2 77. Nd6+ Kd3 78. b5
Rb2 0-1

[Event "British Chess Championship 2010"]
[Site "Canterbury ENG"]
[Date "2010.08.04"]
[Round "9.11"]
[White "Rendle, Thomas E"]
[Black "Ynojosa-Aponte, Felix Jose"]
[Result "1-0"]
[WhiteElo "2391"]
[BlackElo "2224"]
[PlyCount "93"]
[EventDate "2010.07.27"]
[EventType "swiss"]
[EventRounds "11"]
[EventCountry "ENG"]
[Source "lmi"]
[SourceDate "2010.07.25"]

1. e4 c5 2. Nc3 Nc6 3. Bb5 e6 4. Bxc6 bxc6 5. d3 d5 6. f4 Nf6 7. Nf3 Ba6 8. e5
Nd7 9. O-O g6 10. b3 Be7 11. Qe1 Qc7 12. a4 O-O 13. Qg3 f5 14. h4 Kf7 15. Ng5+
Bxg5 16. hxg5 Rh8 17. Qh4 h6 18. gxh6 Qd8 19. Qh3 Qf8 20. Nd1 Rxh6 21. Qg3 Qh8
22. Nf2 Rh4 23. Nh3 Rg4 24. Ng5+ Ke7 25. Qe3 Qh5 26. Rf3 Rh4 27. Nh3 d4 28. Qe1
Rh8 29. Rg3 Rg4 30. Ba3 Qh4 31. Rf3 Qh5 32. Qa5 Rh4 33. Bxc5+ Kf7 34. Qxa6 Nxc5
35. Qxa7+ Kg8 36. Qb8+ Kg7 37. Qc7+ Kh6 38. Ng5 Rh1+ 39. Kf2 Qh4+ 40. Ke2 Rxa1
41. Rh3 Re1+ 42. Kd2 Qxh3 43. gxh3 Rg1 44. Nf7+ Kg7 45. Nxh8+ Kxh8 46. Qd8+ Kg7
47. Qe7+ 1-0

[Event "British Chess Championship 2010"]
[Site "Canterbury ENG"]
[Date "2010.08.04"]
[Round "9.13"]
[White "Snape, Ian L"]
[Black "Slavin, Alexei"]
[Result "0-1"]
[WhiteElo "2233"]
[BlackElo "2417"]
[PlyCount "66"]
[EventDate "2010.07.27"]
[EventType "swiss"]
[EventRounds "11"]
[EventCountry "ENG"]
[Source "lmi"]
[SourceDate "2010.07.25"]

1. e4 c5 2. Nf3 Nc6 3. d4 cxd4 4. Nxd4 Nf6 5. Nc3 d6 6. Bg5 e6 7. Qd2 a6 8.
O-O-O Bd7 9. f3 b5 10. Kb1 Rc8 11. h4 Be7 12. Be3 Ne5 13. h5 b4 14. Nce2 Nc4
15. Qc1 h6 16. Ng3 Nxe3 17. Qxe3 Ra8 18. Bc4 O-O 19. e5 dxe5 20. Nc6 Qe8 21.
Nxe7+ Qxe7 22. Qxe5 Rfc8 23. Nf5 Qc5 24. Qxc5 Rxc5 25. Ne3 Bc6 26. Rd6 Kf8 27.
Rd4 Nxh5 28. Ng4 Ng3 29. Re1 Nf5 30. Rf4 g5 31. Re5 Rxe5 32. Nxe5 gxf4 33. Nxc6
Ne3 0-1

[Event "British Chess Championship 2010"]
[Site "Canterbury ENG"]
[Date "2010.08.04"]
[Round "9.14"]
[White "Adair, James"]
[Black "Baker, Chris W"]
[Result "1/2-1/2"]
[WhiteElo "2205"]
[BlackElo "2307"]
[PlyCount "33"]
[EventDate "2010.07.27"]
[EventType "swiss"]
[EventRounds "11"]
[EventCountry "ENG"]
[Source "lmi"]
[SourceDate "2010.07.25"]

1. e4 c5 2. Nf3 d6 3. d4 cxd4 4. Nxd4 Nf6 5. Nc3 Nc6 6. Bg5 e6 7. Qd2 Be7 8.
O-O-O a6 9. f3 Bd7 10. Kb1 Rc8 11. Nxc6 Bxc6 12. h4 h6 13. Be3 d5 14. Qf2 Qc7
15. Bb6 Qb8 16. Ba7 Qc7 17. Bb6 1/2-1/2

[Event "British Chess Championship 2010"]
[Site "Canterbury ENG"]
[Date "2010.08.04"]
[Round "9.15"]
[White "Mason, Donald J"]
[Black "Constantinou, Peter"]
[Result "1/2-1/2"]
[WhiteElo "2219"]
[BlackElo "2302"]
[PlyCount "52"]
[EventDate "2010.07.27"]
[EventType "swiss"]
[EventRounds "11"]
[EventCountry "ENG"]
[Source "lmi"]
[SourceDate "2010.07.25"]

1. e4 d5 2. Nc3 dxe4 3. Nxe4 Qd5 4. Nc3 Qa5 5. d4 Nf6 6. Nf3 c6 7. Bd2 Bf5 8.
Ne4 Qb6 9. Nxf6+ gxf6 10. Bc4 Rg8 11. O-O e6 12. Re1 Nd7 13. b4 Bd6 14. Rb1
O-O-O 15. Bf1 Bg4 16. Rb3 Qc7 17. g3 f5 18. c4 Nf6 19. c5 Be7 20. Ra3 Rxd4 21.
Qa1 Rd5 22. Bc3 Bxf3 23. Bxf6 Bxf6 24. Qxf6 Be4 25. Rxa7 Kb8 26. Ra3 Rdd8
1/2-1/2

[Event "British Chess Championship 2010"]
[Site "Canterbury ENG"]
[Date "2010.08.04"]
[Round "9.17"]
[White "Makepeace, Philip J"]
[Black "Ledger, Dave J"]
[Result "1/2-1/2"]
[WhiteElo "2074"]
[BlackElo "2233"]
[PlyCount "29"]
[EventDate "2010.07.27"]
[EventType "swiss"]
[EventRounds "11"]
[EventCountry "ENG"]
[Source "lmi"]
[SourceDate "2010.07.25"]

1. e4 e5 2. Nf3 Nc6 3. d4 exd4 4. Nxd4 Nf6 5. Nxc6 bxc6 6. Bd3 d5 7. exd5 cxd5
8. O-O Be7 9. Bf4 O-O 10. Nc3 a6 11. Ne2 c5 12. c3 Bd6 13. Qd2 Rb8 14. b3 Rb6
15. Ng3 1/2-1/2

[Event "British Chess Championship 2010"]
[Site "Canterbury ENG"]
[Date "2010.08.04"]
[Round "9.18"]
[White "Eames, Robert S"]
[Black "Salimbeni, George P W"]
[Result "1-0"]
[WhiteElo "2287"]
[BlackElo "2164"]
[PlyCount "65"]
[EventDate "2010.07.27"]
[EventType "swiss"]
[EventRounds "11"]
[EventCountry "ENG"]
[Source "lmi"]
[SourceDate "2010.07.25"]

1. e4 e5 2. f4 exf4 3. Bc4 Nf6 4. Nc3 Bb4 5. Nge2 c6 6. Bb3 d5 7. exd5 cxd5 8.
d4 Bg4 9. Qd3 O-O 10. O-O f3 11. Ng3 Nc6 12. Bg5 Be7 13. gxf3 Bh3 14. Rfe1 Rc8
15. Kh1 h6 16. Be3 Qd7 17. Nce2 Nb4 18. Qd2 h5 19. Bg5 Ne4 20. Nxe4 dxe4 21.
Bxe7 Qxe7 22. Nf4 Bf5 23. c3 Nc6 24. Bc2 Qh4 25. Bxe4 Bxe4 26. fxe4 Rfe8 27.
Qe3 Ne7 28. Rg1 Nf5 29. Qf3 Nd6 30. e5 Nc4 31. Nxh5 Kh8 32. Rae1 Rc6 33. Qxf7
1-0